Films d'animation français en images #2 - Statistiques

Statistiques générales
  • Ce quiz a été pris 265 fois
  • Le résultat moyen est 7 sur 16
Statistiques - réponses
Par images Réponse % Correct
Astérix et les Vikings
99%
Le Petit Nicolas : Qu'est-ce qu'on attend pour être heureux ?
93%
Yakari : La Grande Aventure
93%
Kirikou et les Bêtes sauvages
91%
Les As de la jungle 2 : Opération tour du monde
84%
Ballerina
54%
Pourquoi j'ai pas mangé mon père
39%
Le Roi et l'Oiseau
38%
Le Magasin des suicides
24%
Princes et Princesses
24%
Le Sommet des dieux
22%
Drôles de petites bêtes
19%
Mars Express
12%
Josep
10%
Linda veut du poulet
10%
Le Roman de Renard
7%
Aucun quiz correspondant
Distribution des résultats
% des personnes avec chaque résultat
Percentile par nombre de réponses
Votre historique - résultats
Vous n’avez pas pris ce quiz